A carta do pirata (Record no. 179598)

MARC details
000 -LÍDER
campo de controle de tamanho fixo 00334 a2200157 4500
001 - NÚMERO DE CONTROLE
campo de controle 179598
020 ## - ISBN - INTERNATIONAL STANDARD BOOK NUMBER
ISBN - International Standard Book Number
040 ## - FONTE DA CATALOGAÇÃO
Instituição que transcreveu o registro Magnum
100 ## - ENTRADA PRINCIPAL--NOME PESSOAL
Nome pessoal Prieto, Heloisa
240 10 - TÍTULO UNIFORME
Título uniforme A carta do pirata
Idioma da obra por
245 10 - TÍTULO
Título A carta do pirata
362 0# - DATAS DE PUBLICAÇÃO E/OU DESIGNAÇÃO SEQUENCIAL
Datas de publicação e/ou designação sequencial 1899
440 #1 - DECLARAÇÃO DE SÉRIE/ENTRADA ADICIONADA--TÍTULO
Título Scipione
697 ## - ENTRADA DE ASSUNTO LOCAL--ENTIDADE COLETIVA (RLIN)
Nome corporativo ou nome da jurisdição MAGNITO: IJ/AVENTURA, CRIANCAS
942 ## - ELEMENTOS DE ENTRADA ADICIONADOS (KOHA)
Tipo de material Koha Livros
Holdings
Situação do descarte Situação das perdas Situação física Não pode ser emprestado Biblioteca de origem Biblioteca atual Data de aquisição Total de empréstimos Número de chamada completo Código de barras Data de último acesso Data do preço efetivo Tipo de material Koha
        Magnum Magnum 08/06/2024   LI.01392 MAG00029404 08/06/2024 08/06/2024 Livros